00548pam a2200169 a 4500020004000000082001200040100002800052245002400080250001300104260003100117300004900148500002000197650002400217700001700241856006500258856005500323 a0471146498 (cloth : acidfree paper)00a547 SOL1 aSolomons, T. W. Graham.10aOrganic chemistry / a8th ed.  aNew York :bWiley,cc2004. a1 v. (various pagings) :bill. (some col.) ; aIncludes index. 0aChemistry, Organic. aFryhle,Craig42uhttp://www.loc.gov/catdir/description/wiley032/96022583.html4 uhttp://www.loc.gov/catdir/toc/onix03/96022583.html